01116nam a2200241 a 450000100100000000500170001000800410002704000250006808200260009310000430011924500700016225000110023226000730024330000210031665100720033765100820040965000720049165100790056365000520064291000390069495201240073399900170085700002688320200930030452.0110214s1996 dr ac 000 0 spa d aDO-SdBNPbspacBNPHU a972.9385bC389h, 19961 aCedeño, Livio Mariano,d1953-94609310aHistoria de la provincia La Altagracia /cLivio Mariano Cedeño. a2a ed. aSanto Domingo :bEdiciones El Cometa,c1996fEditora El Nuevo Diario a200 p. ;c22 cm. 4aLa Altagracia (República Dominicana{Rpara}xHistoria Local951795 4aLa Altagracia (República Dominicana{Rpara}xVida Social Y Costumbres951796 4aGobierno localzLa Altagracia (República Dominicana{Rpara}951797 4aLa Altagracia (República Dominicana{Rpara}xPolítica Y Gobierno951798 4aCiudades y puebloszRepública Dominicana9784 aValidado. Control de calidad BNPHU 0010718PDaPDbPDcHDd2011-03-28iLF1l0o972.9385 C389h, 1996p26883-10r2020-06-25w2020-06-25yLFPDZNo se presta c26375d26375